PRINCIPLES OF MICROECOMICS (Record no. 73862)
[ view plain ]
| 000 -LEADER | |
|---|---|
| fixed length control field | 00236nam a2200097Ia 4500 |
| 050 ## - LIBRARY OF CONGRESS CALL NUMBER | |
| Classification number | HB 172.M36 2007 |
| 100 ## - MAIN ENTRY--PERSONAL NAME | |
| Personal name | MANKIW,N. GREGORY |
| 245 #0 - TITLE STATEMENT | |
| Title | PRINCIPLES OF MICROECOMICS |
| 942 ## - ADDED ENTRY ELEMENTS (KOHA) | |
| Koha item type | Long Loan Book |
| Withdrawn status | Lost status | Source of classification or shelving scheme | Damaged status | Not for loan | Collection | Home library | Current library | Shelving location | Date acquired | Inventory number | Total checkouts | Full call number | Barcode | Date last seen | Date last checked out | Copy number | Price effective from | Koha item type |
|---|---|---|---|---|---|---|---|---|---|---|---|---|---|---|---|---|---|---|
| Library of Congress Classification | Business & Economics | Kisii University Library | Kisii University Library | On Display | 11/09/2023 | 36573 | 1 | HB 172 .M36 2007 | 001243 | 11/23/2023 | 11/09/2023 | 1 | 11/09/2023 | Long Loan Book |